Nanoelectronics and information technology : advanced electronic materials and novel devices /

Dettagli Bibliografici
Altri autori: Waser, Rainer
Natura: Libro
Lingua:English
Pubblicazione: Weinheim : Wiley-VCH, c2005.
Edizione:Second edition.
Soggetti:
Classic Catalogue: View this record in Classic Catalogue
LEADER 03134nam a2200361 a 4500
001 0017998
003 BD-DhAAL
008 090507s2005 gw a b 001 0 eng d
010 |a \\2005275450 
020 |a 9783527405428 (alk. paper) 
020 |a 3527405429 (alk. paper) 
040 |a DLC  |c DLC  |d DLC  |d BD-DhAAL 
082 0 0 |a 621.381  |2 22 
245 0 0 |a Nanoelectronics and information technology :  |b advanced electronic materials and novel devices /  |c Rainer Waser (ed.). 
250 |a Second edition. 
260 |a Weinheim :  |b Wiley-VCH,  |c c2005. 
300 |a 995 p. :  |b ill. (some col.) ;  |c 29 cm 
504 |a Includes bibliographical references and index. 
526 |a EEE  |x Md Sayeed Salam Department of Electrical and Electronic Engineering BRAC University Course Name : Fundamentals of Nanoelectronics Technolohy (EEE 555) 
541 1 |e 0017998, 0017999, 0018000  |a D. S. Books International 
650 0 |a Molecular electronics.  |9 58593 
650 0 |a Nanotechnology.  |9 3338 
650 0 |a Information technology. 
650 0 |a Electronics  |x Materials.  |9 58594 
700 1 |a Waser, Rainer.  |9 58595 
852 4 |a Ayesha Abed Library  |c General Stacks 
942 |2 ddc  |c BK 
999 |c 490  |d 490 
952 |0 0  |1 0  |2 ddc  |4 0  |6 621_381000000000000_NAN_2005  |7 0  |9 444  |a BRACUL  |b BRACUL  |c GEN  |d 2009-05-07  |e D. S. Books International  |l 1  |m 30  |o 621.381 NAN  |p 3010017998  |r 2022-12-01  |s 2020-02-04  |t 1  |w 2009-05-07  |y BK  |x Requisitioned by Md Sayeed Salam (Department of Electrical and Electronic Engineering, BRAC University) for the course named- "Fundamentals of Nanoelectronics Technolohy (EEE 555)" ; USD 134.85 
952 |0 0  |1 0  |2 ddc  |4 0  |6 621_381000000000000_NAN_2005  |7 0  |9 10828  |a BRACUL  |b BRACUL  |c GEN  |d 2010-06-09  |e D. S. Books International  |l 0  |o 621.381 NAN  |p 3010017999  |r 2010-06-09  |t 2  |w 2010-06-09  |y BK  |x Requisitioned by Md Sayeed Salam (Department of Electrical and Electronic Engineering, BRAC University) for the course named- "Fundamentals of Nanoelectronics Technolohy (EEE 555)" ; USD 134.85 
952 |0 0  |1 4  |2 ddc  |4 0  |6 621_381000000000000_NAN  |7 0  |9 10829  |a BRACUL  |b BRACUL  |d 2010-06-09  |e D. S. Books International  |l 0  |o 621.381 NAN  |p 3010018000  |r 2010-06-09  |t 3  |w 2010-06-09  |y BK  |x Koha Inventory 2020 ; Requisitioned by Md Sayeed Salam (Department of Electrical and Electronic Engineering, BRAC University) for the course named- "Fundamentals of Nanoelectronics Technolohy (EEE 555)" ; USD 134.85 
952 |0 0  |1 0  |2 ddc  |4 0  |6 621_381000000000000_NAN_2005  |7 0  |9 10830  |a BRACUL  |b BRACUL  |c GEN  |d 2010-06-09  |e D. S. Books International  |l 1  |m 4  |o 621.381 NAN  |p 3010018001  |r 2015-09-03  |s 2015-08-19  |t 4  |w 2010-06-09  |y BK  |x Requisitioned by Md Sayeed Salam (Department of Electrical and Electronic Engineering, BRAC University) for the course named- "Fundamentals of Nanoelectronics Technolohy (EEE 555)" ; USD 134.85 
952 |0 0  |1 0  |2 ddc  |4 0  |6 621_381000000000000_NAN_2005  |7 0  |9 11530  |a BRACUL  |b BRACUL  |c GEN  |d 2010-07-04  |e D. S. Books International  |l 0  |o 621.381 NAN  |p 3010018002  |r 2022-06-15  |t 5  |w 2010-07-04  |y BK  |x Requisitioned by Md Sayeed Salam (Department of Electrical and Electronic Engineering, BRAC University) for the course named- "Fundamentals of Nanoelectronics Technolohy (EEE 555)" ; USD 134.85